Champions League Torschützenkönige - Statistiken

Allgemein
  • Dieses Quiz wurde 3.184 mal gespielt
    473 seit der letzten Aktualisierung
  • Das Durchschnittsergebnis liegt bei 40 aus 104
Antwortstatistiken
Saison Nationalität Verein Tore Spieler % Korrekt
2007/08 Portugal Manchester United 8 Cristiano Ronaldo
100%
2012/13 Portugal Real Madrid 12 Cristiano Ronaldo
100%
2013/14 Portugal Real Madrid 17 Cristiano Ronaldo
100%
2014/15 Portugal Real Madrid 10 Cristiano Ronaldo
100%
2015/16 Portugal Real Madrid 16 Cristiano Ronaldo
100%
2016/17 Portugal Real Madrid 12 Cristiano Ronaldo
100%
2017/18 Portugal Real Madrid 15 Cristiano Ronaldo
100%
2008/09 Argentinien FC Barcelona 9 Lionel Messi
99%
2009/10 Argentinien FC Barcelona 8 Lionel Messi
99%
2010/11 Argentinien FC Barcelona 12 Lionel Messi
99%
2011/12 Argentinien FC Barcelona 14 Lionel Messi
99%
2014/15 Argentinien FC Barcelona 10 Lionel Messi
99%
2018/19 Argentinien FC Barcelona 12 Lionel Messi
99%
2020/21 Norwegen Borussia Dortmund 10 Erling Haaland
98%
2022/23 Norwegen Manchester City 12 Erling Haaland
98%
2019/20 Polen FC Bayern München 15 Robert Lewandowski
98%
2023/24 England FC Bayern München 8 Harry Kane
97%
2021/22 Frankreich Real Madrid 15 Karim Benzema
95%
2023/24 Frankreich Paris Saint-Germain 8 Kylian Mbappé
93%
2024/25 Guinea Borussia Dortmund 13 Serhou Guirassy
93%
2014/15 Brasilien FC Barcelona 10 Neymar
91%
2024/25 Brasilien FC Barcelona 13 Raphinha
83%
1998/99 Ukraine Dynamo Kiew 8 Andrij Schewtschenko
81%
2005/06 Ukraine AC Mailand 9 Andrij Schewtschenko
81%
2006/07 Brasilien AC Mailand 10 Kaká
78%
2001/02 Niederlande Manchester United 10 Ruud van Nistelrooy
69%
2002/03 Niederlande Manchester United 12 Ruud van Nistelrooy
69%
2004/05 Niederlande Manchester United 8 Ruud van Nistelrooy
69%
1999/00 Spanien Real Madrid 10 Raúl
68%
2000/01 Spanien Real Madrid 7 Raúl
68%
1972/73 Deutschland FC Bayern München 11 Gerd Müller
64%
1973/74 Deutschland FC Bayern München 8 Gerd Müller
64%
1974/75 Deutschland FC Bayern München 5 Gerd Müller
64%
1976/77 Deutschland FC Bayern München 5 Gerd Müller
64%
1999/00 Brasilien FC Barcelona 10 Rivaldo
58%
1994/95 Liberia Paris Saint-Germain 8 George Weah
56%
1988/89 Niederlande AC Mailand 9 Marco van Basten
51%
1959/60 Ungarn Real Madrid 12 Ferenc Puskás
49%
1961/62 Ungarn Real Madrid 7 Ferenc Puskás
49%
1963/64 Ungarn Real Madrid 7 Ferenc Puskás
49%
1997/98 Italien Juventus Turin 10 Alessandro Del Piero
45%
1964/65 Portugal Benfica Lissabon 9 Eusébio
45%
1965/66 Portugal Benfica Lissabon 7 Eusébio
45%
1967/68 Portugal Benfica Lissabon 6 Eusébio
45%
1957/58 Argentinien / Spanien Real Madrid 10 Alfredo Di Stéfano
43%
1961/62 Argentinien / Spanien Real Madrid 7 Alfredo Di Stéfano
43%
1971/72 Niederlande Ajax Amsterdam 5 Johan Cruyff
42%
1980/81 Deutschland FC Bayern München 6 Karl-Heinz Rummenigge
39%
1995/96 Finnland Ajax Amsterdam 9 Jari Litmanen
38%
2003/04 Spanien AS Monaco 9 Fernando Morientes
28%
1984/85 Italien Juventus Turin 7 Michel Platini
26%
1989/90 Brasilien PSV Eindhoven 7 Romário
24%
1992/93 Brasilien PSV Eindhoven 7 Romário
24%
1989/90 Frankreich Olympique Marseille 7 Jean-Pierre Papin
23%
1990/91 Frankreich Olympique Marseille 6 Jean-Pierre Papin
23%
1991/92 Frankreich Olympique Marseille 7 Jean-Pierre Papin
23%
1981/82 Deutschland FC Bayern München 7 Dieter Hoeneß
21%
1975/76 Deutschland Borussia Mönchengladbach 6 Jupp Heynckes
20%
1987/88 Rumänien Steaua Bukarest 4 Gheorghe Hagi
17%
1964/65 Portugal Benfica Lissabon 9 José Augusto Torres
17%
1998/99 Trinidad und Tobago Manchester United 8 Dwight Yorke
16%
1993/94 Niederlande FC Barcelona 8 Ronald Koeman
16%
1993/94 Neuseeland Werder Bremen 8 Wynton Rufer
13%
1982/83 Italien Juventus Turin 6 Paolo Rossi
11%
1977/78 Dänemark Borussia Mönchengladbach 5 Allan Simonsen
10%
1958/59 Frankreich Stade Reims 10 Just Fontaine
8%
1999/00 Brasilien FC Porto 10 Mário Jardel
8%
1968/69 Schottland Manchester United 9 Denis Law
6%
1965/66 Ungarn Ferencváros Budapest 7 Flórián Albert
4%
1987/88 Algerien FC Porto 4 Rabah Madjer
4%
1996/97 Serbien Atlético Madrid 5 Milinko Pantić
2%
1990/91 Österreich FC Swarovski Tirol 6 Peter Pacult
2%
1963/64 Italien Inter Mailand 7 Sandro Mazzola
2%
1987/88 Schottland Glasgow Rangers 4 Ally McCoist
1%
1970/71 Griechenland Panathinaikos Athen 10 Antonis Antoniadis
1%
1978/79 Schweiz Grasshopper Club Zürich 11 Claudio Sulser
1%
1980/81 Schottland FC Liverpool 6 Graeme Souness
1%
1961/62 Deutschland 1. FC Nürnberg 7 Heinz Strehl
1%
1987/88 Frankreich Girondins Bordeaux 4 Jean-Marc Ferreri
1%
1962/63 Italien AC Mailand 14 José Altafini
1%
1966/67 Ostdeutschland ASK Vorwärts Berlin 6 Jürgen Piepenburg
1%
1987/88 Spanien Real Madrid 4 Míchel
1%
1955/56 Jugoslawien FK Partizan Belgrad 8 Miloš Milutinović
1%
1991/92 Russland Benfica Lissabon 7 Sergej Juran
1%
1971/72 Jugoslawien Standard Lüttich 5 Silvester Takač
1%
1979/80 Dänemark Ajax Amsterdam 10 Søren Lerby
1%
1984/85 Schweden IFK Göteborg 7 Torbjörn Nilsson
1%
1985/86 Schweden IFK Göteborg 6 Torbjörn Nilsson
1%
1963/64 Jugoslawien FK Partizan Belgrad 7 Vladimir Kovačević
1%
1971/72 Ungarn Újpest Budapest 5 Antal Dunai
0%
1961/62 Dänemark B 1913 Odense 7 Bent Løfqvist
0%
1986/87 Jugoslawien FK Roter Stern Belgrad 7 Borislav Cvetković
0%
1956/57 England Manchester United 9 Dennis Viollet
0%
1974/75 Sowjetunion FC Ararat Jerewan 5 Eduard Markarow
0%
1976/77 Italien FC Zürich 5 Franco Cucinotta
0%
1960/61 Portugal Benfica Lissabon 11 José Águas
0%
1961/62 Spanien Real Madrid 7 Justo Tejada
0%
1971/72 Schottland Celtic Glasgow 5 Lou Macari
0%
1969/70 England Leeds United 8 Mick Jones
0%
1966/67 Belgien RSC Anderlecht 6 Paul Van Himst
0%
1987/88 Tschechoslowakei Sparta Prag 4 Petar Novák
0%
1987/88 Portugal Benfica Lissabon 4 Rui Águas
0%
1980/81 England FC Liverpool 6 Terry McDermott
0%
1983/84 Sowjetunion FK Dinamo Minsk 6 Wiktar Sokal
0%
Keine übereinstimmenden Quizze gefunden
Verteilung der Resultate
Anzahl Personen mit jedem Resultat
Perzentil nach korrekt beantworteten Fragen
Ihre Resultats-Entwicklung
Sie haben dieses Quiz seit der letzten Aktualisierung nicht gespielt